00912nam a2200265Ia 4500001000700000003000500007008004100012010001100053020001800064040000900082082001900091100002300110245012800133250001100261260005100272300001600323440001100339500006000350503003400410650004500444650005100489650003100540700003600571700003900607Z_2455CHAP220113s9999 xx 000 0 und d a165509 a84-7615-562-X cCHAP a519.5 S65 1991 aSpiegel, Murray R. aEstadística /cMurray R. Spiegel; traducción Rafael Hernández Heredero; revisión técnica Lorenzo Abellanas Rapun a3a ed. aEspaña :bMcGraw-Hill Interamericana,c  axii, 556 p. aSchaum aTraducción de la obra en inglés : Statistics 2a ed. aej.1: reposición \ 207392 ? aEstadística xx Estudio y enseñanza aEstadística xx Problemas, ejercicios, etc. aEstadística matemática a Abellanas Rapun, Lorenzo, rev. aHernández Heredero, Rafael, tr.